Landen met de meeste eilanden - Statistieken

Algemene statistieken
  • Deze quiz is 65 keer genomen
    26 sinds de laatste reset
  • De gemiddelde score is 7 van 10
Antwoordstatistieken
Hint Antwoord % Correct
13.466 Indonesië
88%
50.000 Noorwegen
82%
30.000 Canada
76%
7.641 Filipijnen
76%
6.852 Japan
76%
267.570 Zweden
76%
179.584 Finland
71%
3.200 Chili
59%
6.289 Verenigd Koninkrijk
59%
8.222 Australië
47%
Geen overeenkomende quizzen gevonden
Scoreverdeling
Procent van Mensen met Elke Score
Percentiel versus Aantal Correcte Antwoorden
Uw Scoregeschiedenis
U heeft deze quiz nog niet genomen sinds de laatste reset